header

Accounting principles (Record no. 259142)

MARC details
000 -LEADER
fixed length control field 00205nam a22000977a 4500
020 ## - INTERNATIONAL STANDARD BOOK NUMBER
ISBN 9780470317549
245 ## - TITLE STATEMENT
Title Accounting principles
250 ## - EDITION STATEMENT
Edition statement 9th ed
260 ## - PUBLICATION, DISTRIBUTION, ETC. (IMPRINT)
Place of publication New York
Name of publisher Wiley
Year of publication 2009
942 ## - ADDED ENTRY ELEMENTS (KOHA)
Koha item type Long Loan Books
Holdings
Withdrawn status Lost status Collection code Home library Current library Shelving location Date acquired Full call number Accession Number Koha item type
    Non-fiction Rongo University Library Rongo University Library General Stacks 03/09/2020 HF5635 .W524 2009 20190327 Long Loan Books

© 2026 Rongo University
Contact us: librarian | system librarian | Rongo university